000 01044cam a22003254a 4500
005 20260322212059.0
008 data
010 _a 2004013041
020 _a9781401812324 (alk. paper)
020 _a1401812325 (alk. paper)
040 _aDLC
_cDLC
_dC#P
041 0 9 _aeng
042 _anlmcopyc
_anlmcopyc
044 _9Australia
049 _aNLMM
050 0 0 _aRC487
_b.C36 2005
060 1 0 _aWM 450.5.O2
_bC257p 2005
082 0 0 _a616.89/165
_222
100 1 _aCara, Elizabeth.
245 1 0 _aPsychosocial occupational therapy :
_ba clinical practice /
_cElizabeth Cara & Anne MacRae.
250 _a2nd ed.
260 _aClifton Park, NY :
_aClifton Park, NY :
_bThomson Delmar Learning,
_cc2005.
300 _axxvii, 745 p. :
_bill. ;
_c23 cm.
500 _aRev. ed. of: Psychosocial occupational therapy in clinical practice. c1998.
504 _aIncludes bibliographical references and index.
650 1 2 _aOccupational Therapy
_xmethods
650 2 2 _aMental Disorders
_xrehabilitation
700 1 _aMacRae, Anne.
001 data
999 _c1418
_d1418